Journalism : (Record no. 54429)

MARC details
000 -LEADER
fixed length control field 00944nam a22002657a 4500
005 - DATE AND TIME OF LATEST TRANSACTION
control field 20110727105058.0
008 - FIXED-LENGTH DATA ELEMENTS--GENERAL INFORMATION
fixed length control field 110727t xxu||||| |||| 00| 0 eng d
010 ## - LCCN (DPL NO)
LC control number ENG-103150
020 ## - INTERNATIONAL STANDARD BOOK NUMBER
International Standard Book Number 9788120343696
Terms of availability 450.00
035 ## - SYSTEM CONTROL NUMBER
System control number EN-86683
037 ## - SOURCE OF ACQUISITION
Source of stock number/acquisition DBAD / PUB
040 ## - CATALOGING SOURCE
Original cataloging agency dpl
Language of cataloging English
082 ## - DEWEY DECIMAL CLASSIFICATION NUMBER
Classification number 070.4
100 K# - MAIN ENTRY--PERSONAL NAME
9 (RLIN) 29868
Personal name Stovall, James Glen
245 ## - TITLE STATEMENT
Title Journalism :
Statement of responsibility, etc by James Glen Stovall.
Remainder of title who, what, when, where, why, and how /
260 ## - PUBLICATION, DISTRIBUTION, ETC. (IMPRINT)
Place of publication, distribution, etc New Delhi
Name of publisher, distributor, etc PHI Learning
Date of publication, distribution, etc 2011
270 ## - ADDRESS
Address M-97, Connaught Circus
City New Delhi
Postal code 110001
300 ## - PHYSICAL DESCRIPTION
Extent xxiii,504p. :
Dimensions 24cm (pbk)
Other physical details ill.
500 ## - GENERAL NOTE
General note Includes bibliographical references and index
650 ## - SUBJECT ADDED ENTRY--TOPICAL TERM
9 (RLIN) 29869
Topical term or geographic name as entry element Journalism.
651 ## - SUBJECT ADDED ENTRY--GEOGRAPHIC NAME
9 (RLIN) 1549
700 ## - ADDED ENTRY--PERSONAL NAME
9 (RLIN) 29871
942 ## - ADDED ENTRY ELEMENTS (KOHA)
Source of classification or shelving scheme Dewey Decimal Classification
Item type English Books
Classification part 070.4
Call number suffix STO
Holdings
Withdrawn status Lost status Source of classification or shelving scheme Damaged status Not for loan Collection code Home library Current library Date acquired Source of acquisition Cost, normal purchase price Total Checkouts Full call number Barcode Date last seen Copy number Cost, replacement price Koha item type
    Dewey Decimal Classification   Not For Loan Non-fiction D.B.Act.Division D.B.Act.Division 27/07/2011 DBAD/PUB 450.00   070.4 STO EN-86683 27/07/2011 1 450.00 English Books

© Delhi Public Library
Hit Counter
free hit counter